| 000 | 01122nam a2200313 a 4500 | ||
|---|---|---|---|
| 001 | 000009899 | ||
| 003 | DO-SdBNP | ||
| 005 | 20250502073818.0 | ||
| 008 | 090929s1985 dr 001 0 spa d | ||
| 040 |
_aDO-SdBNP _bspa _cBNPHU |
||
| 082 |
_a342.7293024 _bR426co, 1985 |
||
| 110 | 2 |
_aRepública Dominicana. _bConsejo Nacional _924013 |
|
| 245 | 1 | 0 |
_aConsejo Conservador 1845-1848 : _b(acta de sesiones). |
| 250 | _a2a ed. | ||
| 260 |
_aSanto Domingo : _bONAP, _c1985. |
||
| 300 |
_a463 p. ; _c14 cm. |
||
| 490 | 1 |
_aCentenario de la República _v2 |
|
| 490 | 1 | _aONAP | |
| 500 | _aIncluye notas al pie de las páginas | ||
| 590 | _aInventariado, 2018/ YL | ||
| 650 | 4 |
_aLeyes _zRepública Dominicana _ySIGLO XIX _xFuentes _924014 |
|
| 650 | 4 |
_aDerecho _zRepública Dominica _ySIGLO XIX _924833 |
|
| 651 | 4 |
_aRepública Dominica _xHistoria Constitucional _ySIGLO XIX _924832 |
|
| 710 | 1 |
_aRepública Dominicana. _bOficina Nacional de Administración y Personal _926398 |
|
| 830 | 0 |
_aCentenario de la República _v2 _924018 |
|
| 830 |
_aONAP _910860 |
||
| 910 | _aValidado. Control de calidad MMOLINA | ||
| 942 |
_2ddc _cLBS1 |
||
| 999 |
_c9658 _d9658 |
||